000 00412nam a2200181Ia 4500
001 14293
005 20260306164903.0
008 260306t1998||||xx |||||||||||||| ||spa||
041 _aESP
082 _a511.3
_bG77
100 _aGrassmann, Winfried Karl
_eAUT
245 0 _aMatemática discreta y lógica
260 _c1998
300 _a
_c
650 _aGEN
654 _aCMA
942 _cLIB
_dJUS
_fJUS
_2ddc
_n
999 _c14293
_d14293